| 000 | 01248nam0a22003251 4500 | ||
|---|---|---|---|
| 001 | v19\rc\1655033 | ||
| 005 | 20260406075125.0 | ||
| 035 | _a(NLR Aleph) 004839804 | ||
| 090 |
_a4809873 _c4809873 |
||
| 100 | _a20061002e18891889|||y0rusy50 ca | ||
| 101 | 0 | _arus | |
| 102 | _aRU | ||
| 105 | _ay z ||||| | ||
| 200 | 1 |
_aНовый Черногорский законник _fП. М-еев |
|
| 210 |
_aСанкт-Петербург _cтип. В.В. Комарова _d1889 |
||
| 215 |
_a15 с. _d20 |
||
| 300 | _aАвт. установлен по изд.: Масанов И.Ф. Словарь псевдонимов... М., 1957. Т. 2. С. 161 | ||
| 311 | _aОтт. из № 11 журн. "Слав. изв." | ||
| 488 | 0 |
_12001#$aСлавянские известия$v№ 11 _tСлавянские известия |
|
| 700 | 1 |
_7ca _8rus _aМатвеев _bП. А. _cписатель, правовед _f1844- _gПавел Александрович _3RU\NLR\AUTH\770160828 _9160786 |
|
| 801 | 0 |
_aRU _bNLR _gpsbo |
|
| 801 | 0 |
_aRU _bRuMoRGB _2psbo |
|
| 801 | 1 |
_aRU _bProSoft-M _2rusmarc |
|
| 852 |
_aNLR _j18.276.5.281 |
||
| 899 |
_aRuMoRGB _jA 155/408 |
||
| 899 | _aБАН | ||
| 899 | _aНБ СПбГУ | ||
| 942 | _cBOOK | ||
| 980 | _aNB | ||